| 000 | 01190nam a2200241Ia 4500 | ||
|---|---|---|---|
| 999 |
_c38447 _d38447 |
||
| 001 | 4459 | ||
| 003 | GE_BSU | ||
| 005 | 20190521204050.0 | ||
| 008 | 181216s2003||||ge |||||||||||||| ||geo|| | ||
| 020 | _a9994014013 | ||
| 040 | _cGE_BSU | ||
| 041 | _ageo | ||
| 080 | _a519.2(075.8) ც–59 | ||
| 100 |
_aცივაძე, აკაკი. _91480 |
||
| 245 |
_aალბათობის თეორია და მათემატიკური სტატისტიკა ინჟინრებისათვის. _bსახელმძღ. / _cაკაკი ცივაძე ; სერგო თოფურიას რედაქციით. |
||
| 264 |
_aთბილისი : _bტექნიკური უნივერსიტეტი, _c2003. |
||
| 300 |
_a248 გვ .: _c29 სმ. |
||
| 541 | _h7 ლ. | ||
| 653 | _aალბათობის თეორია და მათემატიკური სტატისტიკა ინჟინრებისათვის. | ||
| 653 | _aმათემატიკა | ||
| 700 |
_aთოფურია, სერგო _eრედაქტორი _91491 |
||
| 942 |
_cBK _2udc |
||